00401nam a22001217a 4500082001800000100002500018245003900043526003700082650001300119942001200132999001900144952011600163 a358.0942bROY aBart, B. Head950693 aThe Royal engineerscBart, B. Head a0b0c0d358_094200000000000_ROY aMCE9379 2ddccBK c553458d553458 00102ddc4070aMCEbMCEcArchive Sectiond2015-02-11l0o358.0942 ROYpMCE-ECR/56r2015-02-11w2015-02-11yBK